000 00474 a2200157 4500
999 _c1053
_d1053
020 _a8184110731
050 _aGF 85 ENV 2007
100 _a Patro,Lingaraj and Tripathy,S.N
_eeditor
245 _aEnvironmental hazards/
_cedited by Patro,Lingaraj and Tripathy,S.N
264 _aNew Delhi:
_bSonali Publications,
_c2012
300 _a195p.
_bill.
500 _aincludes index
650 _arural development
650 _aenvironmental chrisis
942 _2lcc
_cBK
_h85
_iENV
_kGF